000 01126cam a22003257a 4500
003 CHAP
005 20220329142242.0
008 000329d1998 uk r 00010 eng d
010 _a80600
011 _a81572
020 _a0851992803
035 _a92045
040 _cCHAP
082 0 4 _a630.72
_bP6
100 0 0 _aPersley, G. J.
_eed.
_987317
245 1 0 _aInvestment strategies for agriculture and natural resources :
_binvesting in knowledge for development
_c/ed. by G. J. Persley
260 _aWallingford, UK :
_bCAB International,
_c1998.
300 _a316 p. :
_bgráfs.
590 _aBATCH-UPD
_b10
_c20130110
_lUCH01
_h0747
590 _aBATCH-UPD
_b10
_c20130410
_lUCH01
_h0428
590 _aBATCH-UPD
_b10
_c20130914
_lUCH01
_h1908
590 _aBATCH-UPD
_b10
_c20140805
_lUCH01
_h1148
590 _aCONVERSION
_b10
_c20130109
_lUCH01
_h1345
650 1 4 _aAgricultura
_xInvestigación.
_91577
650 1 4 _aRecursos naturales
_xInvestigación.
_995292
901 _aBK
905 _aBlanca M. García O.
942 _cLIBRO
949 _a630.72 P6
_bBC
_cLIBRO
_d33724000772349
_eLIBRO
_gI. 203411
_h97605
_i92045
_si
_t$1209.00
999 _c80600
_d80600